Statistics for Country and Capital Neighbour Connect with Jumps and Disappearing World Map: Furthest from Greenwich Meridian

Click here to take the quiz!

General Stats

  • This quiz has been taken 268 times
    (257 since last reset)
  • The average score is 163 of 392

Answers on the Map

Answers color-coded by a green-red scale on the quiz's map according to % correct below.
 

Answer Stats

Country/Capital% Correct
Nukuʻalofa
100%
Tonga
98%
Fiji
89%
Suva
89%
Port Vila
86%
Vanuatu
86%
Apia
85%
Funafuti
85%
Honiara
85%
Samoa
85%
Solomon Islands
85%
Tuvalu
85%
Indonesia
80%
Papua New Guinea
80%
Brunei
79%
Kuala Lumpur
79%
Malaysia
79%
Bandar Seri Begawan
78%
Kiribati
78%
South Tarawa
78%
Dili
62%
East Timor
62%
Jakarta
62%
Majuro
62%
Manila
62%
Marshall Islands
62%
Nauru
62%
Ngerulmud
62%
Palau
62%
Palikir
62%
Philippines
62%
Port Moresby
62%
Yaren
62%
Federated States of Micronesia
60%
Singapore
58%
Singapore (cap)
58%
Bogotá
57%
Ecuador
57%
Panama
57%
Quito
57%
Costa Rica
56%
El Salvador
56%
Guatemala City
56%
Managua
56%
Nicaragua
56%
San José
56%
San Salvador
56%
Tegucigalpa
56%
Afghanistan
54%
Ashgabat
54%
Bangkok
54%
Bangladesh
54%
Beijing
54%
Belize
54%
Belmopan
54%
Bhutan
54%
Bishkek
54%
Cambodia
54%
Canada
54%
China
54%
Dhaka
54%
Dushanbe
54%
Guatemala
54%
Hanoi
54%
Honduras
54%
India
54%
Iran
54%
Islamabad
54%
Kabul
54%
Kathmandu
54%
Kazakhstan
54%
Kyrgyzstan
54%
Laos
54%
Mexico
54%
Mexico City
54%
Myanmar
54%
Naypyidaw
54%
Nepal
54%
New Delhi
54%
Ottawa
54%
Pakistan
54%
Tajikistan
54%
Tashkent
54%
Thailand
54%
Thimphu
54%
Turkmenistan
54%
United States
54%
Uzbekistan
54%
Vientiane
54%
Vietnam
54%
Washington D.C.
54%
Astana
53%
Jamaica
53%
Kingston
53%
Maldives
53%
Mongolia
53%
Moscow
53%
North Korea
53%
Phnom Penh
53%
Pyongyang
53%
Russia
53%
Seoul
53%
South Korea
53%
Ulaanbaatar
53%
Argentina
52%
Asunción
52%
Bolivia
52%
Brasília
52%
Brazil
52%
Buenos Aires
52%
Caracas
52%
Chile
52%
Colombia
52%
Georgetown
52%
Guyana
52%
La Paz
52%
Lima
52%
Malé
52%
Montevideo
52%
Panama City
52%
Paraguay
52%
Paramaribo
52%
Peru
52%
Santiago
52%
Sri Jayawardenepura Kotte
52%
Sri Lanka
52%
Suriname
52%
Taiwan
52%
Uruguay
52%
Venezuela
52%
Cuba
51%
Haiti
51%
Havana
51%
Port-au-Prince
51%
Taipei
51%
Dominican Republic
49%
Santo Domingo
49%
Bahamas
48%
Japan
48%
Nassau
48%
Tokyo
48%
Australia
47%
Djibouti
47%
Djibouti (cap)
47%
Seychelles
47%
Victoria
47%
Abu Dhabi
46%
Asmara
46%
Bangui
46%
Canberra
46%
Castries
46%
Central African Republic
46%
Chad
46%
Doha
46%
Eritrea
46%
Ethiopia
46%
Juba
46%
Khartoum
46%
Libya
46%
Mauritius
46%
Mogadishu
46%
Muscat
46%
Oman
46%
Port Louis
46%
Port-of-Spain
46%
Qatar
46%
Riyadh
46%
Saint Lucia
46%
Sana'a
46%
Saudi Arabia
46%
Somalia
46%
South Sudan
46%
Sudan
46%
Trinidad and Tobago
46%
United Arab Emirates
46%
Yemen
46%
Addis Ababa
44%
Amman
44%
Antigua and Barbuda
44%
Armenia
44%
Azerbaijan
44%
Baghdad
44%
Baku
44%
Basseterre
44%
Beirut
44%
Cairo
44%
Damascus
44%
Democratic Republic of the Congo
44%
Dodoma
44%
Dominica
44%
Georgia
44%
Grenada
44%
Harare
44%
Iraq
44%
Israel
44%
Jerusalem
44%
Jordan
44%
Kampala
44%
Kenya
44%
Kingstown
44%
Kuwait
44%
Kuwait City
44%
Lebanon
44%
Lilongwe
44%
Lusaka
44%
Malawi
44%
Maputo
44%
Mozambique
44%
Nairobi
44%
New Zealand
44%
Roseau
44%
Saint George's
44%
Saint John's
44%
Saint Kitts and Nevis
44%
Saint Vincent and the Grenadines
44%
Syria
44%
Tanzania
44%
Tbilisi
44%
Tehran
44%
Turkey
44%
Uganda
44%
Wellington
44%
Yerevan
44%
Zambia
44%
Zimbabwe
44%
Antananarivo
42%
Barbados
42%
Bridgetown
42%
Comoros
42%
Madagascar
42%
Moroni
42%
Egypt
40%
Tripoli
40%
Angola
38%
Cameroon
38%
Kinshasa
38%
Namibia
38%
N'Djamena
38%
Pretoria
38%
Republic of the Congo
38%
Rwanda
38%
Ankara
37%
Bahrain
37%
Brazzaville
37%
Bujumbura
37%
Burundi
37%
Kigali
37%
Lesotho
37%
Luanda
37%
Manama
37%
Maseru
37%
Mbabane
37%
South Africa
37%
Swaziland
37%
Windhoek
37%
Athens
36%
Botswana
36%
Bucharest
36%
Bulgaria
36%
Cyprus
36%
Gaborone
36%
Greece
36%
Macedonia
36%
Nicosia
36%
Skopje
36%
Ukraine
36%
Albania
35%
Belgrade
35%
Bosnia and Herzegovina
35%
Budapest
35%
Chișinău
35%
Croatia
35%
Hungary
35%
Kiev
35%
Kosovo
35%
Moldova
35%
Montenegro
35%
Podgorica
35%
Pristina
35%
Romania
35%
Sarajevo
35%
Serbia
35%
Slovakia
35%
Sofia
35%
Tirana
35%
Belarus
33%
Bratislava
33%
Latvia
33%
Lithuania
33%
Minsk
33%
Riga
33%
Vilnius
33%
Warsaw
33%
Estonia
32%
Tallinn
32%
Cape Verde
28%
Praia
28%
Austria
27%
Berlin
27%
Czech Republic
27%
Poland
27%
Prague
27%
Zagreb
27%
Bamako
26%
Banjul
26%
Bissau
26%
Conakry
26%
Copenhagen
26%
Cote d'Ivoire
26%
Dakar
26%
France
26%
Freetown
26%
Gambia
26%
Germany
26%
Guinea
26%
Guinea-Bissau
26%
Liberia
26%
Lisbon
26%
Ljubljana
26%
Madrid
26%
Mauritania
26%
Monrovia
26%
Morocco
26%
Nouakchott
26%
Portugal
26%
Rabat
26%
Senegal
26%
Sierra Leone
26%
Slovenia
26%
Spain
26%
Vienna
26%
Italy
25%
Rome
25%
Switzerland
25%
Vatican City
25%
Vatican City (cap)
25%
Finland
23%
Helsinki
23%
Norway
23%
Oslo
23%
Stockholm
23%
Sweden
23%
Equatorial Guinea
20%
Gabon
20%
Libreville
20%
Malabo
20%
Yaoundé
20%
Malta
19%
Valletta
19%
Iceland
16%
Reykjavík
16%
Abuja
14%
Niger
14%
Nigeria
14%
Porto-Novo
12%
Benin
11%
São Tomé
11%
São Tomé and Príncipe
11%
Denmark
10%
Ireland
10%
Niamey
10%
Accra
9%
Algeria
9%
Algiers
9%
Bern
9%
Burkina Faso
9%
Dublin
9%
Ghana
9%
Liechtenstein
9%
Lomé
9%
London
9%
Mali
9%
Monaco
9%
Monaco (cap)
9%
Ouagadougou
9%
Paris
9%
San Marino
9%
San Marino (cap)
9%
Togo
9%
Tunis
9%
Tunisia
9%
United Kingdom
9%
Vaduz
9%
Yamoussoukro
9%
Amsterdam
6%
Andorra la Vella
6%
Belgium
6%
Brussels
6%
Luxembourg
6%
Luxembourg (cap)
6%
Netherlands
6%
Andorra
5%

Score Distribution

Percentile by Number Answered

Percent of People with Each Score

Your Score History

You have not taken this quiz since the last reset